[Event "CZE-chT2C 1516"]
[Site "Czech Republic"]
[Date "2015.12.06"]
[Round "4.6"]
[White "Loskot, Petr"]
[Black "Pospisil, Martin"]
[Result "1/2-1/2"]
[WhiteElo "2111"]
[BlackElo "2066"]
[PlyCount "88"]
[EventDate "2015.10.18"]
[EventType "team-tourn"]
[EventRounds "11"]
[EventCountry "CZE"]
[SourceTitle "EXT 2022"]
[Source "ChessBase"]
[SourceDate "2021.10.06"]
[SourceVersion "1"]
[SourceVersionDate "2021.10.06"]
[SourceQuality "1"]
[WhiteTeam "Tabor"]
[BlackTeam "Praha Vrsovice"]
[WhiteTeamCountry "CZE"]
[BlackTeamCountry "CZE"]

1. e4 c5 2. Nf3 d6 3. c3 Nf6 4. Bd3 e6 5. Bc2 Be7 6. 0-0 0-0 7. d4 Nc6 8. Re1 e5 9. h3 b6 10. d5 Nb8 11. c4 a6 12. a4 a5 13. Nbd2 Ne8 14. Nf1 Bf6 15. g4 g6 16. Ng3 Bg7 17. Kh2 f6 18. Ra3 g5 19. Kg2 h6 20. Nh2 Ra7 21. Nhf1 Bh8 22. Ne3 Rh7 23. Rh1 Rff7 24. Rh2 Nd7 25. Qh1 Nf8 26. Nef5 Bxf5 27. Nxf5 Ng7 28. h4 Nxf5 29. exf5 Nd7 30. Be4 Qe7 31. Rah3 Rfg7 32. Qd1 Qf7 33. f3 Qe7 34. Qb3 Qd8 35. Qb5 Nb8 36. Bd2 Ra7 37. Qb3 Rag7 38. Qd1 Qe7 39. Qe1 Qd8 40. hxg5 hxg5 41. Rxh7 Rxh7 42. Rxh7 Kxh7 43. Qh1+ Kg8 44. Qh5 Bg7 1/2-1/2

[Event "CZE-chT2C 1213"]
[Site "Czech Republic"]
[Date "2013.01.06"]
[Round "6.6"]
[White "Pospisil, Martin"]
[Black "Klecker, Tadeas"]
[Result "1-0"]
[WhiteElo "2007"]
[BlackElo "2187"]
[PlyCount "103"]
[EventDate "2012.10.14"]
[EventType "team-tourn"]
[EventRounds "11"]
[EventCountry "CZE"]
[SourceTitle "EXT 2015"]
[Source "ChessBase"]
[SourceDate "2014.11.20"]
[SourceVersion "1"]
[SourceVersionDate "2014.11.20"]
[SourceQuality "1"]
[WhiteTeam "Ricany"]
[BlackTeam "Praha Oaza"]
[WhiteTeamCountry "CZE"]
[BlackTeamCountry "CZE"]

1. d4 d5 2. c4 c6 3. Nf3 Nf6 4. g3 Bg4 5. Bg2 e6 6. Ne5 Bh5 7. Qb3 Qb6 8. c5 Qxb3 9. axb3 Nbd7 10. Nd3 e5 11. dxe5 Ng4 12. Bf3 Nxc5 13. Nxc5 Bxc5 14. 0-0 g6 15. h3 Nxf2 16. Rxf2 Bxf3 17. exf3 f6 18. exf6 Kf7 19. Kg2 Bxf2 20. Kxf2 b6 21. b4 Kxf6 22. Nc3 Ke6 23. Be3 Rhd8 24. Ne2 Kd6 25. Nd4 a5 26. b5 c5 27. Bf4+ Kd7 28. Nc6 Re8 29. Rd1 d4 30. Ne5+ Kc8 31. Nc4 Re6 32. Re1 Rxe1 33. Kxe1 Kb7 34. Be5 a4 35. Kd2 g5 36. f4 gxf4 37. gxf4 Rg8 38. f5 Rg2+ 39. Kc1 Rf2 40. f6 Ka7 41. Nd6 d3 42. f7 c4 43. Bg7 c3 44. Bxc3 a3 45. bxa3 h5 46. Bg7 Rc2+ 47. Kd1 h4 48. f8Q Rc1+ 49. Kd2 Rc2+ 50. Ke3 Re2+ 51. Kd4 d2 52. Qf7+ 1-0

[Event "CZE-chT2C 1213"]
[Site "Czech Republic"]
[Date "2012.11.04"]
[Round "2.6"]
[White "Pospisil, Martin"]
[Black "Cernovsky, Jiri"]
[Result "1/2-1/2"]
[WhiteElo "2007"]
[BlackElo "2144"]
[PlyCount "29"]
[EventDate "2012.10.14"]
[EventType "team-tourn"]
[EventRounds "11"]
[EventCountry "CZE"]
[SourceTitle "EXT 2015"]
[Source "ChessBase"]
[SourceDate "2014.11.20"]
[SourceVersion "1"]
[SourceVersionDate "2014.11.20"]
[SourceQuality "1"]
[WhiteTeam "Ricany"]
[BlackTeam "Kutna Hora"]
[WhiteTeamCountry "CZE"]
[BlackTeamCountry "CZE"]

1. d4 d5 2. Bf4 Nf6 3. e3 e6 4. Nf3 Be7 5. Nbd2 0-0 6. Bd3 b6 7. Qe2 a5 8. Ne5 Qe8 9. 0-0 Ba6 10. c4 c5 11. b3 Nbd7 12. Nc6 Rc8 13. Na7 Ra8 14. Nc6 Rc8 15. Na7 1/2-1/2

[Event "Ricany op"]
[Site "Ricany"]
[Date "2012.08.30"]
[Round "6"]
[White "Marikova, Jana"]
[Black "Pospisil, Martin"]
[Result "1/2-1/2"]
[WhiteElo "1887"]
[BlackElo "2084"]
[PlyCount "22"]
[EventDate "2012.08.26"]
[EventType "swiss"]
[EventRounds "9"]
[EventCountry "CZE"]
[SourceTitle "CBM 150 Extra"]
[Source "ChessBase"]
[SourceDate "2012.10.19"]
[SourceVersion "1"]
[SourceVersionDate "2012.10.19"]
[SourceQuality "1"]

1. d4 Nf6 2. c4 e6 3. Nf3 b6 4. a3 Be7 5. Nc3 Bb7 6. d5 0-0 7. e4 d6 8. Be2 c5 9. 0-0 e5 10. Ne1 Nbd7 11. f4 Ne8 1/2-1/2

[Event "Ricany op"]
[Site "Ricany"]
[Date "2012.08.27"]
[Round "3"]
[White "Pospisil, Martin"]
[Black "Konvalinka, Vladislav"]
[Result "1/2-1/2"]
[WhiteElo "2084"]
[BlackElo "1908"]
[PlyCount "28"]
[EventDate "2012.08.26"]
[EventType "swiss"]
[EventRounds "9"]
[EventCountry "CZE"]
[SourceTitle "CBM 150 Extra"]
[Source "ChessBase"]
[SourceDate "2012.10.19"]
[SourceVersion "1"]
[SourceVersionDate "2012.10.19"]
[SourceQuality "1"]

1. d4 d5 2. c4 c6 3. Nd2 Nf6 4. Ngf3 Bf5 5. Qb3 Qc7 6. g3 e6 7. Bg2 Nbd7 8. 0-0 Qb6 9. Qd1 Be7 10. b3 0-0 11. Bb2 Ne4 12. Nxe4 Bxe4 13. Nd2 Bxg2 14. Kxg2 f5 1/2-1/2

[Event "CZE-chTW U20 1112"]
[Site "Czech Republic"]
[Date "2011.11.26"]
[Round "5.2"]
[White "Pospisil, Martin"]
[Black "Seidl, Stepan"]
[Result "1/2-1/2"]
[WhiteElo "2055"]
[BlackElo "2144"]
[PlyCount "52"]
[EventDate "2011.10.15"]
[EventType "team-tourn"]
[EventRounds "7"]
[EventCountry "CZE"]
[SourceTitle "EXT 2013"]
[Source "ChessBase"]
[SourceDate "2012.11.22"]
[SourceVersion "1"]
[SourceVersionDate "2012.11.22"]
[SourceQuality "1"]
[WhiteTeam "Ricany"]
[BlackTeam "Polabiny"]
[WhiteTeamCountry "CZE"]
[BlackTeamCountry "CZE"]

1. d4 Nf6 2. Nf3 g6 3. Bf4 Bg7 4. e3 0-0 5. h3 c5 6. c3 b6 7. Nbd2 Bb7 8. Bd3 d6 9. 0-0 Nbd7 10. Qe2 cxd4 11. cxd4 e5 12. dxe5 dxe5 13. Nxe5 Nh5 14. Ndf3 Nxe5 15. Nxe5 Re8 16. Bb5 Qd5 17. f3 Rxe5 18. Bxe5 Qxe5 19. f4 Qxb2 20. Qxb2 Bxb2 21. Rad1 a6 22. Bc4 Nf6 23. Rb1 Ba3 24. Rxb6 Bd5 25. Rxa6 Rxa6 26. Bxa6 Bc5 1/2-1/2

[Event "Ricany op-A"]
[Site "Ricany"]
[Date "2011.08.24"]
[Round "6"]
[White "Pospisil, Martin"]
[Black "Filip, Vojtech"]
[Result "1-0"]
[WhiteElo "2035"]
[BlackElo "1784"]
[PlyCount "37"]
[EventDate "2011.08.20"]
[EventType "swiss"]
[EventRounds "9"]
[EventCountry "CZE"]
[SourceTitle "CBM 144 Extra"]
[Source "ChessBase"]
[SourceDate "2011.10.28"]
[SourceVersion "1"]
[SourceVersionDate "2011.10.28"]
[SourceQuality "1"]

1. d4 d5 2. Nf3 Nf6 3. e3 e6 4. Bd3 b6 5. Qe2 Bb7 6. Nbd2 c5 7. c3 Be7 8. 0-0 0-0 9. e4 dxe4 10. Nxe4 Nbd7 11. Rd1 Qc7 12. Neg5 h6 13. Nxe6 fxe6 14. Qxe6+ Kh8 15. Nh4 Rfe8 16. Ng6+ Kh7 17. Nxe7+ Kh8 18. Ng6+ Kh7 19. Ne5+ 1-0

[Event "Ricany op-A"]
[Site "Ricany"]
[Date "2011.08.21"]
[Round "2"]
[White "Pospisil, Martin"]
[Black "Lorenc, Tomas1111"]
[Result "1-0"]
[WhiteElo "2035"]
[BlackElo "1875"]
[PlyCount "54"]
[EventDate "2011.08.20"]
[EventType "swiss"]
[EventRounds "9"]
[EventCountry "CZE"]
[SourceTitle "CBM 144 Extra"]
[Source "ChessBase"]
[SourceDate "2011.10.28"]
[SourceVersion "1"]
[SourceVersionDate "2011.10.28"]
[SourceQuality "1"]

1. d4 Nf6 2. Nf3 g6 3. Nc3 d5 4. Bf4 Bg7 5. Qd2 0-0 6. Bh6 b6 7. Bxg7 Kxg7 8. 0-0-0 Ba6 9. Ne5 e6 10. h4 h5 11. f3 c5 12. g4 c4 13. Bh3 b5 14. a3 Nbd7 15. Nxd7 Qxd7 16. e4 dxe4 17. Nxe4 Nxe4 18. fxe4 Rac8 19. Qc3 Qe7 20. gxh5 Qxh4 21. hxg6 f5 22. exf5 exf5 23. Kb1 Qf6 24. Rdf1 Rcd8 25. Bxf5 Rh8 26. Rh7+ Rxh7 27. gxh7 Bc8 1-0

[Event "CZE-ch U16"]
[Site "Kouty nad Desnou"]
[Date "2011.03.12"]
[Round "1"]
[White "Pospisil, Martin"]
[Black "Lhotka, Jiri"]
[Result "1-0"]
[WhiteElo "1978"]
[BlackElo "1842"]
[PlyCount "67"]
[EventDate "2011.03.12"]
[EventType "swiss"]
[EventRounds "9"]
[EventCountry "CZE"]
[SourceTitle "EXT 2014"]
[Source "ChessBase"]
[SourceDate "2013.11.20"]
[SourceVersion "1"]
[SourceVersionDate "2013.11.20"]
[SourceQuality "1"]

1. d4 Nf6 2. Nf3 g6 3. Nc3 d5 4. Bf4 Bg7 5. Qd2 h6 6. 0-0-0 b6 7. Ne5 e6 8. e4 c6 9. exd5 Nxd5 10. Nxd5 cxd5 11. Bb5+ Bd7 12. Nxd7 Nxd7 13. Ba6 0-0 14. Bxh6 Bxh6 15. Qxh6 Qf6 16. h4 Qg7 17. Qe3 Nf6 18. Be2 Ne4 19. h5 g5 20. h6 Qf6 21. Bf3 Qf4 22. Qxf4 gxf4 23. Bxe4 dxe4 24. Rh4 Kh7 25. Rxf4 f5 26. Rh1 Rf6 27. g4 Rg8 28. gxf5 exf5 29. Kd2 Rg5 30. Ke3 Rxh6 31. Rxh6+ Kxh6 32. Rh4+ Kg7 33. d5 f4+ 34. Kxe4 1-0

[Event "Ricany op"]
[Site "Ricany"]
[Date "2010.08.22"]
[Round "3"]
[White "Pospisil, Martin"]
[Black "Balacek, Tadeas"]
[Result "0-1"]
[WhiteElo "1931"]
[BlackElo "2096"]
[PlyCount "64"]
[EventDate "2010.08.21"]
[EventType "swiss"]
[EventRounds "9"]
[EventCountry "CZE"]
[SourceTitle "EXT 2022"]
[Source "ChessBase"]
[SourceDate "2021.10.06"]
[SourceVersion "1"]
[SourceVersionDate "2021.10.06"]
[SourceQuality "1"]

1. d4 Nf6 2. Nf3 g6 3. Nc3 d5 4. Bf4 c6 5. Qd2 Qa5 6. Ne5 Bf5 7. f3 Nbd7 8. e4 Be6 9. Be2 Bg7 10. 0-0 Nh5 11. exd5 cxd5 12. Bb5 Nxf4 13. Qxf4 Bxe5 14. Qxe5 0-0-0 15. Bxd7+ Kxd7 16. a4 a6 17. Ne4 f6 18. Nc5+ Qxc5 19. Qxe6+ Kxe6 20. dxc5 Kd7 21. f4 Kc6 22. Rfe1 Rhe8 23. b4 e5 24. fxe5 fxe5 25. Ra3 e4 26. Rh3 d4 27. Kf1 Rd7 28. Ke2 Kd5 29. c3 d3+ 30. Kd2 Rf8 31. Rh4 Re7 32. Re3 Kc4 0-1

[Event "Ricany op"]
[Site "Ricany"]
[Date "2010.08.22"]
[Round "2"]
[White "Pospisil, Martin"]
[Black "Losan, Rudolf"]
[Result "1-0"]
[WhiteElo "1931"]
[BlackElo "1780"]
[PlyCount "55"]
[EventDate "2010.08.21"]
[EventType "swiss"]
[EventRounds "9"]
[EventCountry "CZE"]
[SourceTitle "EXT 2022"]
[Source "ChessBase"]
[SourceDate "2021.10.06"]
[SourceVersion "1"]
[SourceVersionDate "2021.10.06"]
[SourceQuality "1"]

1. d4 Nf6 2. Nf3 e6 3. b3 c5 4. e3 cxd4 5. exd4 d5 6. Bd3 Be7 7. 0-0 0-0 8. Bb2 b6 9. Ne5 Ba6 10. Bxa6 Nxa6 11. Nc6 Qc7 12. Nxe7+ Qxe7 13. Ba3 Nb4 14. c3 a5 15. cxb4 axb4 16. Bb2 Rfc8 17. Nd2 Qd6 18. Nf3 Ne4 19. Qd3 f6 20. Nd2 Nc3 21. Rfc1 Qd7 22. Bxc3 bxc3 23. Rxc3 Rxc3 24. Qxc3 Rc8 25. Qb2 Qc6 26. g3 Qc2 27. Qxc2 Rxc2 28. Nf1 1-0

[Event "Teplice op 5th"]
[Site "Teplice"]
[Date "2010.06.19"]
[Round "8"]
[White "Pospisil, Martin"]
[Black "Kotva, Milan"]
[Result "0-1"]
[WhiteElo "1925"]
[BlackElo "2066"]
[PlyCount "76"]
[EventDate "2010.06.12"]
[EventType "swiss"]
[EventRounds "9"]
[EventCountry "CZE"]
[SourceTitle "CBM 136 Extra"]
[Source "ChessBase"]
[SourceDate "2010.07.02"]
[SourceVersion "2"]
[SourceVersionDate "2010.07.15"]
[SourceQuality "1"]

1. c4 c6 2. g3 Nf6 3. Bg2 d5 4. b3 Bf5 5. Nf3 e6 6. 0-0 Be7 7. Bb2 Nbd7 8. d3 0-0 9. Nfd2 Bg6 10. e4 Nc5 11. e5 Nfd7 12. d4 Nd3 13. Bc3 b5 14. cxb5 cxb5 15. Nf3 b4 16. Bd2 a5 17. Ne1 Nxe1 18. Bxe1 Qb6 19. f4 Rfc8 20. Rf2 Ra7 21. Bh3 Rac7 22. f5 exf5 23. Nd2 Qxd4 24. Nf3 Qxd1 25. Rxd1 Bc5 26. Nd4 Nxe5 27. Bxf5 Bxf5 28. Rxf5 f6 29. Bf2 Bb6 30. Rd2 Kf7 31. Nb5 Bxf2+ 32. Rfxf2 Rd7 33. Nd4 Rc3 34. Kg2 Rd3 35. Rxd3 Nxd3 36. Rc2 a4 37. bxa4 Ra7 38. a5 Rxa5 0-1